[Event "Bunratty Masters 27th"]
[Site "Bunratty"]
[Date "2020.02.23"]
[Round "6"]
[White "Wallace, Paul Anthony"]
[Black "Van der Zwet, Bart"]
[Result "1/2-1/2"]
[WhiteElo "2155"]
[BlackElo "2092"]
[PlyCount "49"]
[EventDate "2020.02.21"]
[EventType "swiss"]
[EventRounds "6"]
[EventCountry "IRL"]
[SourceTitle "EXT 2023"]
[Source "ChessBase"]
[SourceDate "2022.10.05"]
[SourceVersion "1"]
[SourceVersionDate "2022.10.05"]
[SourceQuality "1"]

1. e4 c6 2. d4 d5 3. e5 c5 4. Nf3 cxd4 5. Nxd4 Nc6 6. Bb5 Bd7 7. e6 fxe6 8. Bxc6 bxc6 9. Qe2 Nf6 10. 0-0 c5 11. Nxe6 Bxe6 12. Qxe6 Qd7 13. Qe2 e6 14. Bf4 Bd6 15. Bxd6 Qxd6 16. Re1 Kf7 17. Nd2 Rhe8 18. Rad1 Kg8 19. g3 Rab8 20. b3 Qc7 21. c4 Rbd8 22. cxd5 exd5 23. Qd3 Qa5 24. Rxe8+ Rxe8 25. a4 1/2-1/2

[Event "Bunratty Masters 27th"]
[Site "Bunratty"]
[Date "2020.02.22"]
[Round "3"]
[White "Mueller, Reinhard"]
[Black "Van der Zwet, Bart"]
[Result "1/2-1/2"]
[WhiteElo "2109"]
[BlackElo "2092"]
[PlyCount "41"]
[EventDate "2020.02.21"]
[EventType "swiss"]
[EventRounds "6"]
[EventCountry "IRL"]
[SourceTitle "EXT 2023"]
[Source "ChessBase"]
[SourceDate "2022.10.05"]
[SourceVersion "1"]
[SourceVersionDate "2022.10.05"]
[SourceQuality "1"]

1. f4 d5 2. Nf3 Nf6 3. e3 g6 4. b3 Bg7 5. Bb2 0-0 6. Be2 c5 7. 0-0 Nc6 8. Ne5 Qc7 9. Nxc6 Qxc6 10. Be5 b5 11. d3 Bb7 12. Nd2 Bh6 13. Qe1 Ne8 14. Qh4 Bg7 15. Bxg7 Nxg7 16. g4 Qf6 17. Qh6 Ne6 18. Nf3 d4 19. g5 Qg7 20. Qxg7+ Kxg7 21. Ne5 1/2-1/2

[Event "Ghent Eastman op 42nd"]
[Site "Ghent"]
[Date "2019.07.21"]
[Round "4"]
[White "Van der Zwet, Bart"]
[Black "Lacrosse, Marc"]
[Result "1/2-1/2"]
[WhiteElo "2096"]
[BlackElo "2189"]
[PlyCount "87"]
[EventDate "2019.07.20"]
[EventType "swiss"]
[EventRounds "9"]
[EventCountry "BEL"]
[SourceTitle "CBM 191 Extra"]
[Source "ChessBase"]
[SourceDate "2019.09.30"]
[SourceVersion "1"]
[SourceVersionDate "2019.09.30"]
[SourceQuality "1"]

1. Nf3 d5 2. d4 Nf6 3. c4 e6 4. Nc3 Nbd7 5. Bg5 c6 6. e3 Qa5 7. Qb3 Ne4 8. Bf4 Bb4 9. Rc1 c5 10. Bd3 cxd4 11. exd4 dxc4 12. Qxc4 Nb6 13. Qb5+ Qxb5 14. Bxb5+ Bd7 15. Bxd7+ Kxd7 16. Ke2 Bxc3 17. bxc3 Rhc8 18. Bd2 Nc4 19. Be1 Rc7 20. Rb1 Rac8 21. Rb3 b6 22. Kd3 f5 23. Rf1 Ke7 24. Ng1 Na5 25. Ra3 Nd6 26. Ra4 Nb5 27. Ne2 Nc4 28. Rb4 Nbd6 29. f3 g5 30. h4 h6 31. hxg5 hxg5 32. Rh1 a5 33. Rb3 Nf7 34. Bd2 Kf6 35. Ng1 a4 36. Rb4 Nxd2 37. Kxd2 Rxc3 38. Ne2 Rc2+ 39. Kd3 Rxa2 40. Rxb6 Ra3+ 41. Kd2 Ra2+ 42. Kd3 Ra3+ 43. Kd2 Ra2+ 44. Kd3 1/2-1/2

[Event "Bunratty Masters op 22nd"]
[Site "Bunratty"]
[Date "2015.02.21"]
[Round "3"]
[White "Ackley, Peter JE"]
[Black "Van der Zwet, Bart"]
[Result "0-1"]
[WhiteElo "2038"]
[BlackElo "2118"]
[PlyCount "54"]
[EventDate "2015.02.20"]
[EventType "swiss"]
[EventRounds "6"]
[EventCountry "IRL"]
[SourceTitle "CBM 165 Extra"]
[Source "ChessBase"]
[SourceDate "2015.04.21"]
[SourceVersion "1"]
[SourceVersionDate "2015.04.21"]
[SourceQuality "1"]

1. f4 d5 2. Nf3 c5 3. e3 Nc6 4. Bb5 Bd7 5. 0-0 Nf6 6. b3 a6 7. Bxc6 Bxc6 8. Bb2 e6 9. Ne5 Rc8 10. d3 Bd6 11. Nd2 0-0 12. Rf3 Nd7 13. Nxd7 Bxd7 14. Rg3 f6 15. Qg4 Qe7 16. e4 Rf7 17. c4 f5 18. exf5 exf5 19. Qf3 d4 20. Qf2 Re8 21. Kf1 Bc6 22. Rd1 Qc7 23. Nf3 Bxf4 24. Rh3 Be3 25. Qh4 h6 26. Rg3 Qe7 27. Qh5 Bf2 0-1

[Event "EU-Cup 29th"]
[Site "Rhodes"]
[Date "2013.10.24"]
[Round "5.4"]
[White "Haskaj, Fatmir"]
[Black "Van der Zwet, Bart"]
[Result "1/2-1/2"]
[WhiteElo "2223"]
[BlackElo "2091"]
[PlyCount "150"]
[EventDate "2013.10.20"]
[EventType "team-swiss"]
[EventRounds "7"]
[EventCountry "GRE"]
[SourceTitle "CBM 157"]
[Source "ChessBase"]
[SourceDate "2013.11.12"]
[SourceVersion "1"]
[SourceVersionDate "2013.11.12"]
[SourceQuality "1"]
[WhiteTeam "Expik"]
[BlackTeam "Voerendaal"]
[WhiteTeamCountry "KOS"]
[BlackTeamCountry "NED"]

1. Nf3 Nf6 2. g3 g6 3. Bg2 Bg7 4. 0-0 0-0 5. c3 c5 6. d3 Nc6 7. Qc2 e5 8. e4 d5 9. Nbd2 d4 10. Nc4 Ne8 11. a4 Nd6 12. cxd4 Nxc4 13. d5 N4a5 14. dxc6 b6 15. c7 Qd6 16. Nd2 Nc6 17. Nc4 Qxc7 18. Be3 Be6 19. Rfd1 a5 20. Rac1 Rfd8 21. b3 Rd7 22. Bf1 Rad8 23. Be2 Nd4 24. Bxd4 Rxd4 25. Na3 Qb7 26. Nb5 R4d7 27. Rb1 Re7 28. Bf3 Qd7 29. Nc3 Qd6 30. Nb5 Qb8 31. Nc3 Rd4 32. Nb5 Rb4 33. Nc3 Re8 34. Na2 Rd4 35. Nc3 Bd7 36. Ra1 Bc6 37. Ne2 Rb4 38. Nc3 Qb7 39. Rd2 f5 40. Be2 Rd4 41. Bf3 Rf8 42. Kg2 Qf7 43. Kg1 h5 44. Bg2 Bh6 45. Rdd1 f4 46. Nb1 f3 47. Bf1 Bd7 48. Na3 Bg4 49. Nc4 Qe6 50. Kh1 h4 51. Ne3 hxg3 52. hxg3 Bg5 53. b4 Kg7 54. bxc5 Bh3 55. Kg1 Bxe3 56. fxe3 f2+ 57. Kh2 Bxf1 58. Rxf1 Rh8+ 59. Kg2 Qh3+ 60. Kf3 Qh5+ 61. g4 Qh3+ 62. Ke2 Qxg4+ 63. Kd2 Rb4 64. cxb6 Qd7 65. Rxf2 Rc8 66. Qa2 Rd8 67. Qd5 Qe7 68. Qa2 Rxb6 69. Raf1 Qb4+ 70. Kd1 Qb3+ 71. Qxb3 Rxb3 72. Rf7+ Kg8 73. Re7 Rdxd3+ 74. Kc2 Rbc3+ 75. Kb2 Rb3+ 1/2-1/2

[Event "EU-Cup 29th"]
[Site "Rhodes"]
[Date "2013.10.23"]
[Round "4.5"]
[White "Schlenter, Ruediger"]
[Black "Van der Zwet, Bart"]
[Result "1/2-1/2"]
[WhiteElo "1929"]
[BlackElo "2091"]
[PlyCount "81"]
[EventDate "2013.10.20"]
[EventType "team-swiss"]
[EventRounds "7"]
[EventCountry "GRE"]
[SourceTitle "CBM 157"]
[Source "ChessBase"]
[SourceDate "2013.11.12"]
[SourceVersion "1"]
[SourceVersionDate "2013.11.12"]
[SourceQuality "1"]
[WhiteTeam "Muelheim"]
[BlackTeam "Voerendaal"]
[WhiteTeamCountry "GER"]
[BlackTeamCountry "NED"]

1. Nf3 d5 2. g3 Nf6 3. Bg2 Nbd7 4. d4 e6 5. 0-0 Bd6 6. c4 c6 7. Qc2 0-0 8. cxd5 exd5 9. Nc3 Re8 10. e4 Nxe4 11. Nxe4 dxe4 12. Ng5 Nf6 13. Nxe4 Be7 14. Rd1 Bg4 15. f3 Bh5 16. Nc3 Qb6 17. Be3 Rad8 18. Qf2 Qa5 19. a3 Nd5 20. Nxd5 cxd5 21. Rdc1 Bd6 22. f4 f6 23. Bd2 Qb5 24. a4 Qb3 25. Rc3 Qxb2 26. Bxd5+ Bf7 27. Ra2 Qb1+ 28. Rc1 Qd3 29. Rc3 Qe2 30. Bxf7+ Kxf7 31. Be3 Qd1+ 32. Kg2 Rc8 33. Rxc8 Rxc8 34. Qb2 Rc7 35. Bf2 f5 36. Qb5 g6 37. Re2 Re7 38. Qd5+ Kf8 39. Rxe7 Bxe7 40. Qe5 Kf7 41. Qd5+ 1/2-1/2

[Event "EU-Cup 29th"]
[Site "Rhodes"]
[Date "2013.10.20"]
[Round "1.5"]
[White "Van der Zwet, Bart"]
[Black "Judkovsky, Yair"]
[Result "0-1"]
[WhiteElo "2091"]
[BlackElo "2348"]
[PlyCount "96"]
[EventDate "2013.10.20"]
[EventType "team-swiss"]
[EventRounds "7"]
[EventCountry "GRE"]
[SourceTitle "CBM 157"]
[Source "ChessBase"]
[SourceDate "2013.11.12"]
[SourceVersion "1"]
[SourceVersionDate "2013.11.12"]
[SourceQuality "1"]
[WhiteTeam "Voerendaal"]
[BlackTeam "Kfar Saba"]
[WhiteTeamCountry "NED"]
[BlackTeamCountry "ISR"]

1. e4 e5 2. Nc3 Nf6 3. Nf3 Nc6 4. Bb5 Bb4 5. 0-0 0-0 6. Re1 d6 7. a3 Bxc3 8. dxc3 Ne7 9. Nd2 Ng6 10. Nf1 c6 11. Bd3 Bg4 12. f3 Be6 13. Kh1 Re8 14. Ng3 Qc7 15. Bg5 Nd7 16. Qd2 f6 17. Be3 Ne7 18. Rad1 d5 19. Qf2 Rad8 20. Nf5 Nxf5 21. exf5 Bf7 22. Rg1 c5 23. g4 d4 24. Bd2 Bd5 25. c4 e4 26. cxd5 exd3 27. cxd3 Qe5 28. f4 Qxd5+ 29. Qg2 Qxg2+ 30. Rxg2 b5 31. Kg1 Rc8 32. Kf1 Nb6 33. Re2 Rxe2 34. Kxe2 Kf7 35. Ba5 Re8+ 36. Kd2 Nd7 37. Re1 Rxe1 38. Kxe1 Ke7 39. Bc7 Nb6 40. Bxb6 axb6 41. Kd2 Kd6 42. b3 Kd5 43. Kc2 c4 44. b4 Kd6 45. Kd2 Ke7 46. Kc2 c3 47. Kd1 Kf7 48. g5 g6 0-1

[Event "Bunratty Masters op 20th"]
[Site "Bunratty"]
[Date "2013.03.03"]
[Round "5"]
[White "Trent, Lawrence"]
[Black "Van der Zwet, Bart"]
[Result "1/2-1/2"]
[WhiteElo "2427"]
[BlackElo "2085"]
[PlyCount "73"]
[EventDate "2013.03.01"]
[EventType "swiss"]
[EventRounds "6"]
[EventCountry "IRL"]
[SourceTitle "CBM 153 Extra"]
[Source "ChessBase"]
[SourceDate "2013.04.22"]
[SourceVersion "1"]
[SourceVersionDate "2013.04.22"]
[SourceQuality "1"]

1. e4 e6 2. d4 d5 3. Nd2 Nf6 4. Bd3 c5 5. c3 Nc6 6. Ngf3 cxd4 7. cxd4 Bb4 8. e5 Ne4 9. 0-0 f5 10. exf6 Nxf6 11. Nb3 0-0 12. Bg5 Qe8 13. Ne5 Bd6 14. Re1 Nd8 15. Re3 Qh5 16. Qxh5 Nxh5 17. Bxd8 Rxd8 18. Bxh7+ Kxh7 19. Rh3 g6 20. g4 Rf8 21. gxh5 g5 22. Re1 Rf4 23. Rc3 b6 24. Rc6 Bxe5 25. Rxe5 Kh6 26. h3 Kxh5 27. Rc7 Kg6 28. Kg2 Kf6 29. Re3 Ba6 30. Rh7 Rh4 31. Rf3+ Rf4 32. Rxf4+ gxf4 33. Kf3 Bd3 34. Rh4 Be4+ 35. Kxf4 Rc8 36. Nd2 Bf5 37. b3 1/2-1/2

[Event "Maastricht Limburg op"]
[Site "Maastricht"]
[Date "2008.05.11"]
[Round "5"]
[White "Burg, Twan"]
[Black "Van der Zwet, Bart"]
[Result "1-0"]
[WhiteElo "2342"]
[BlackElo "2057"]
[PlyCount "57"]
[EventDate "2008.05.09"]
[EventType "swiss"]
[EventRounds "7"]
[EventCountry "NED"]
[SourceTitle "EXT 2009"]
[Source "ChessBase"]
[SourceDate "2008.11.26"]
[SourceVersion "1"]
[SourceVersionDate "2008.11.26"]
[SourceQuality "1"]

1. e4 c6 2. d4 d5 3. exd5 cxd5 4. c4 Nf6 5. Nc3 Nc6 6. Bg5 dxc4 7. Nf3 Bg4 8. d5 Ne5 9. Bxc4 Nxc4 10. Qa4+ Qd7 11. Qxc4 Bxf3 12. gxf3 Rc8 13. Qb3 e5 14. Bxf6 gxf6 15. Ne4 Be7 16. d6 Bd8 17. Rg1 f5 18. Nc3 Ba5 19. 0-0-0 Rc5 20. f4 Qc6 21. Rg7 Rf8 22. d7+ Ke7 23. Kb1 Qh6 24. Nd5+ Kd6 25. Rxf7 Bd8 26. fxe5+ Kc6 27. Qa4+ Rb5 28. Rxf8 Qxf8 29. Rc1+ 1-0

[Event "Maastricht Limburg op"]
[Site "Maastricht"]
[Date "2008.05.09"]
[Round "1"]
[White "Van der Zwet, Bart"]
[Black "Nabuurs, Joep"]
[Result "0-1"]
[WhiteElo "2057"]
[BlackElo "2205"]
[PlyCount "143"]
[EventDate "2008.05.09"]
[EventType "swiss"]
[EventRounds "7"]
[EventCountry "NED"]
[SourceTitle "EXT 2009"]
[Source "ChessBase"]
[SourceDate "2008.11.26"]
[SourceVersion "1"]
[SourceVersionDate "2008.11.26"]
[SourceQuality "1"]

1. c4 f5 2. Nf3 Nf6 3. b3 g6 4. Bb2 Bg7 5. g3 d6 6. d4 0-0 7. Bg2 Na6 8. 0-0 c5 9. Nc3 Bd7 10. Qd2 Rb8 11. Rfe1 b5 12. cxb5 Bxb5 13. dxc5 Nxc5 14. Nxb5 Rxb5 15. Nd4 Rb6 16. b4 Nce4 17. Qc2 d5 18. Nc6 Qd6 19. Rac1 Ng4 20. Bxg7 Kxg7 21. Qb2+ Kg8 22. f3 Rxc6 23. Rxc6 Qxc6 24. fxg4 fxg4 25. Qd4 Qc3 26. Rd1 Qxd4+ 27. Rxd4 Nc3 28. Bxd5+ Kg7 29. Bc4 Rc8 30. Kf2 Rc7 31. Bb3 h5 32. a4 e5 33. Rd8 Ne4+ 34. Ke3 Nf6 35. Kd2 g5 36. Bd5 h4 37. Be6 hxg3 38. hxg3 Ne4+ 39. Ke3 Nxg3 40. Rd7+ Rxd7 41. Bxd7 Nf1+ 42. Kd3 Kf6 43. Bxg4 Ke7 44. e4 Nh2 45. Bf5 g4 46. Ke2 g3 47. b5 Kd6 48. a5 Kc7 49. Bh3 Kb7 50. Kd3 Ng4 51. Bg2 Kc7 52. Bf3 Kd6 53. Ke2 Nh2 54. Bg2 Kc5 55. b6 axb6 56. axb6 Kxb6 57. Bh3 Kc5 58. Ke3 Kd6 59. Bg2 Ke6 60. Bh3+ Kf6 61. Bg2 Kg5 62. Bh3 Kh4 63. Bg2 Kg4 64. Ke2 Kf4 65. Kd3 Nf3 66. Ke2 Nh4 67. Bh3 Kxe4 68. Be6 Kf4 69. Bc8 Nf3 70. Kf1 e4 71. Ba6 Nh4 72. Be2 0-1

[Event "Weijers OHK op"]
[Site "Weijers"]
[Date "2003.??.??"]
[Round "?"]
[White "Dam, Hans"]
[Black "Van der Zwet, Bart"]
[Result "1-0"]
[WhiteElo "2080"]
[BlackElo "1865"]
[PlyCount "59"]
[EventDate "2003.??.??"]
[EventType "swiss"]
[EventRounds "7"]
[EventCountry "NED"]
[SourceTitle "EXT 2007"]
[Source "ChessBase"]
[SourceDate "2006.11.23"]
[SourceVersion "1"]
[SourceVersionDate "2006.11.23"]
[SourceQuality "1"]

1. d4 f5 2. c4 Nf6 3. g3 g6 4. Bg2 Bg7 5. Nc3 d6 6. d5 Na6 7. Nf3 Nc5 8. Nd4 0-0 9. 0-0 e5 10. dxe6 Nxe6 11. Bxb7 Bxb7 12. Nxe6 Qd7 13. Nxf8 Qc6 14. f3 Rxf8 15. Qd3 Re8 16. Be3 a6 17. Bd4 Re6 18. Nd5 Nd7 19. Bxg7 Kxg7 20. Qd4+ Kf7 21. Rae1 Re5 22. e4 fxe4 23. Rxe4 Qc5 24. Qxc5 dxc5 25. Rxe5 Nxe5 26. b3 Bxd5 27. cxd5 Ke7 28. f4 Nf7 29. Kf2 Kd6 30. Rd1 1-0

[Event "Weijers OHK op"]
[Site "Weijers"]
[Date "2003.??.??"]
[Round "?"]
[White "Van der Zwet, Bart"]
[Black "Heinen, Igor"]
[Result "1-0"]
[WhiteElo "1865"]
[BlackElo "1895"]
[PlyCount "79"]
[EventDate "2003.??.??"]
[EventType "swiss"]
[EventRounds "7"]
[EventCountry "NED"]
[SourceTitle "EXT 2007"]
[Source "ChessBase"]
[SourceDate "2006.11.23"]
[SourceVersion "1"]
[SourceVersionDate "2006.11.23"]
[SourceQuality "1"]

1. d4 Nf6 2. c4 e6 3. Nf3 Bb4+ 4. Bd2 Qe7 5. Qb3 Bxd2+ 6. Nbxd2 d6 7. g3 0-0 8. Bg2 Nbd7 9. 0-0 e5 10. e3 c6 11. Rac1 Re8 12. Ng5 h6 13. Nge4 Nxe4 14. Nxe4 Nf6 15. Nxf6+ Qxf6 16. dxe5 dxe5 17. c5 Qe7 18. Qc3 Bf5 19. Rfd1 Rad8 20. Bf3 Qc7 21. Rxd8 Rxd8 22. Rd1 Rxd1+ 23. Bxd1 Be4 24. Qd2 Qe7 25. b4 Bd5 26. a3 Qf6 27. Qd3 e4 28. Qd4 Qxd4 29. exd4 f5 30. Bh5 Kf8 31. Bg6 Be6 32. g4 fxg4 33. Bxe4 a6 34. Kf1 Bc4+ 35. Ke1 Kf7 36. Kd2 Kf6 37. Kc3 Be2 38. d5 Bf3 39. Bxf3 gxf3 40. d6 1-0